| 000 | 01578aam a2200469 4500 | ||
|---|---|---|---|
| 005 | 20260218122945.0 | ||
| 008 | 150625b2012 xxu||||| |||| 00| 0 spa d | ||
| 020 | _a9786074817140 | ||
| 041 | _aESP | ||
| 082 | _a658.8 F383e5 | ||
| 100 |
_aFerrel, O.C. _926290 |
||
| 100 |
_aHartline, Michael D. _926291 |
||
| 245 | _aEstrategia de marketing | ||
| 250 | _a5 edición | ||
| 260 | _aMéxico | ||
| 260 | _bCengage Learning | ||
| 260 | _c2012 | ||
| 300 | _a744 páginas | ||
| 505 | _aParte I. Preparando el escenario para la estrategia de marketing. Parte II. Descubriendo las oportunidades del mercado. Parte III. Desarrollando la estrategia de marketing. Parte IV. Poniendo la estrategia en acción. Parte V. Casos. Parte VI. Herramientas para desarrollar el plan de marketing. | ||
| 650 | _aGERENCIA DE MERCADO | ||
| 650 | _aMARKETING | ||
| 650 | _aESTRATEGIA DE MARKETING | ||
| 650 | _aPLANEACIÓN ESTRATEGICA | ||
| 650 | _aCLIENTES | ||
| 650 | _aMERCADOS META | ||
| 650 | _aESTRATEGIA DE PRODUCTO | ||
| 650 | _aPLAN DE MARKETING | ||
| 650 | _aMISIÓN ORGANIZACIONAL | ||
| 650 | _aPLANEACIÓN ESTRATEGIA BALANCEADA | ||
| 650 | _aENTORNO DEL CLIENTE | ||
| 650 | _aVENTAJA COMPETITIVA | ||
| 650 | _aENFOQUE ESTRATEGICO | ||
| 650 | _aDESEMPEÑO DE MARKETING | ||
| 650 | _aÉTICA | ||
| 650 | _aRESPONSABILIDAD SOCIAL | ||
| 650 | _aOPORTUNIDAD DE MERCADO | ||
| 650 | _aSEGMENTACIÓN DE MERCADOS | ||
| 650 | _aFIJACIÓN DE PRECIOS | ||
| 650 | _aCOMUNICACIONES INTEGRADAS | ||
| 650 | _aCONTROL DE MARKETING | ||
| 942 |
_cBK _2ddc |
||
| 999 |
_c3078 _d3078 |
||